[Event "World ol U16"]
[Site "Corum"]
[Date "2019.11.04"]
[Round "8.7"]
[White "Cohen Revivo, Shoham"]
[Black "Ke, Ivan"]
[Result "1/2-1/2"]
[WhiteElo "2295"]
[BlackElo "2321"]
[PlyCount "111"]
[EventDate "2019.10.29"]
[EventType "team-swiss"]
[EventRounds "9"]
[EventCountry "TUR"]
[SourceTitle "CBM 192 Extra"]
[Source "Chessbase"]
[SourceDate "2019.11.06"]
[SourceVersion "1"]
[SourceVersionDate "2019.11.06"]
[SourceQuality "1"]
[WhiteTeam "Israel"]
[BlackTeam "United States"]
[WhiteTeamCountry "ISR"]
[BlackTeamCountry "USA"]

1. e4 e5 2. Nf3 Nc6 3. d4 exd4 4. c3 dxc3 5. Bc4 d6 6. Nxc3 Nf6 7. 0-0 Be7 8. h3 0-0 9. b4 Nd7 10. Nd5 Nde5 11. Nxe5 dxe5 12. a3 Be6 13. Be3 Bd6 14. Qh5 Ne7 15. Bg5 f6 16. Nxf6+ Rxf6 17. Bxf6 Bxc4 18. Rfc1 gxf6 19. Rxc4 Ng6 20. g3 Qd7 21. Rd1 Qe6 22. Rc3 Kg7 23. h4 Rf8 24. Qe2 Qh3 25. Qf3 Kh8 26. Qg2 Qxg2+ 27. Kxg2 h5 28. b5 Kg7 29. a4 b6 30. Rc4 Kf7 31. f3 a6 32. bxa6 Ra8 33. Kf2 Rxa6 34. Rb1 Nf8 35. g4 Ne6 36. gxh5 Nf4 37. h6 Ra8 38. Rh1 Kg6 39. Rg1+ Kxh6 40. Rg4 Bc5+ 41. Ke1 Be3 42. Rc6 Nh5 43. Rxc7 Rd8 44. Ke2 Bd4 45. Rc6 Kh7 46. Kd3 Bf2+ 47. Kc2 Rd7 48. Rc8 Rg7 49. Rc6 Rd7 50. Rc8 Ng7 51. Rf8 Rc7+ 52. Kd2 Nh5 53. Rd8 Ng7 54. Rf8 Nh5 55. Rd8 Ng7 56. Rf8 1/2-1/2

[Event "World ol U16"]
[Site "Corum"]
[Date "2019.11.01"]
[Round "5.3"]
[White "Sindarov, Javokhir"]
[Black "Ke, Ivan"]
[Result "1/2-1/2"]
[WhiteElo "2513"]
[BlackElo "2321"]
[PlyCount "162"]
[EventDate "2019.10.29"]
[EventType "team-swiss"]
[EventRounds "9"]
[EventCountry "TUR"]
[SourceTitle "CBM 192 Extra"]
[Source "Chessbase"]
[SourceDate "2019.11.06"]
[SourceVersion "1"]
[SourceVersionDate "2019.11.06"]
[SourceQuality "1"]
[WhiteTeam "Uzbekistan"]
[BlackTeam "United States"]
[WhiteTeamCountry "UZB"]
[BlackTeamCountry "USA"]

1. e4 e5 2. Nf3 Nc6 3. Bb5 Nf6 4. d3 d6 5. c3 Bd7 6. 0-0 g6 7. Re1 Bg7 8. Nbd2 0-0 9. Nf1 Nd4 10. cxd4 Bxb5 11. a4 Ba6 12. b4 c6 13. Bb2 b6 14. dxe5 Nd7 15. Nd4 Nxe5 16. b5 c5 17. bxa6 cxd4 18. Bxd4 Nf3+ 19. Qxf3 Bxd4 20. Rac1 Rc8 21. Ne3 Qd7 22. Nd5 Kg7 23. h4 h5 24. g3 Qxa4 25. Kg2 Qxa6 26. e5 Bxe5 27. Rxe5 dxe5 28. Qf6+ Kh7 29. Qe7 Qxd3 30. Nf6+ Kh6 31. Rxc8 Rxc8 32. Qxf7 Rh8 33. g4 hxg4 34. Nxg4+ Kh5 35. Qe7 Qf5 36. f3 g5 37. Qg7 Rh7 38. Qg8 Kxh4 39. Ne3 Qf7 40. Qc8 Kh5 41. Qg4+ Kh6 42. Qe4 Kg7 43. Ng4 Qe6 44. Qb7+ Kg8 45. Qb8+ Kg7 46. Qb7+ Qf7 47. Qe4 Qe7 48. Ne3 Qe6 49. Qb7+ Kg6 50. Qe4+ Kg7 51. Qb7+ Kg8 52. Qa8+ Kf7 53. Qb7+ Qe7 54. Qd5+ Kf8 55. Ng4 Rf7 56. Nxe5 Rf6 57. Nd7+ Kg7 58. Nxf6 Qxf6 59. Qd7+ Qf7 60. Qd4+ Kg6 61. Qe4+ Kh6 62. Qc6+ Kh5 63. Kg3 Qf4+ 64. Kg2 Qe5 65. Qd7 Qe2+ 66. Kg3 Qe1+ 67. Kg2 Qe2+ 68. Kg3 Qe1+ 69. Kg2 Qb1 70. Qh3+ Kg6 71. Qe6+ Kg7 72. Qe7+ Kh6 73. Qxa7 Qc2+ 74. Kg3 Qc5 75. Qb8 Kg7 76. Kg4 Kf6 77. Qh8+ Ke6 78. Qh6+ Kf7 79. Qxg5 Qxg5+ 80. Kxg5 b5 81. Kf4 b4 1/2-1/2

[Event "PRO League Stage"]
[Site "Chess.com INT"]
[Date "2019.01.08"]
[Round "1"]
[White "Ke, Ivan"]
[Black "Naroditsky, Daniel"]
[Result "0-1"]
[WhiteElo "2251"]
[BlackElo "2616"]
[PlyCount "56"]
[EventDate "2019.01.08"]
[EventType "team-swiss (rapid)"]
[EventRounds "10"]
[EventCountry "USA"]
[SourceTitle "CBM 188 Extra"]
[Source "ChessBase"]
[SourceDate "2019.02.26"]
[SourceVersion "1"]
[SourceVersionDate "2019.02.26"]
[SourceQuality "1"]
[WhiteTeam "San Jose Hackers"]
[BlackTeam "San Francisco Mechanics"]
[WhiteTeamCountry "USA"]
[BlackTeamCountry "USA"]

1. d4 Nf6 2. Nf3 g6 3. c4 Bg7 4. g3 0-0 5. Bg2 d6 6. 0-0 Nbd7 7. Nc3 e5 8. e4 c6 9. h3 Qa5 10. Re1 exd4 11. Nxd4 Re8 12. Be3 Ne5 13. Bf1 Be6 14. Nxe6 Rxe6 15. Rb1 Nxe4 16. b4 Nxc3 17. bxa5 Nxd1 18. Rexd1 b6 19. axb6 axb6 20. Rxb6 h5 21. Bf4 Nf3+ 22. Kg2 Ne1+ 23. Kg1 Rxa2 24. Rb3 c5 25. Rd5 Bd4 26. Be3 Bxe3 27. Rxe3 Rxe3 28. fxe3 Nf3+ 0-1

[Event "Bay Area op"]
[Site "Burlingame"]
[Date "2019.01.06"]
[Round "8"]
[White "Tarjan, James Edward"]
[Black "Ke, Ivan"]
[Result "1/2-1/2"]
[WhiteElo "2402"]
[BlackElo "2251"]
[PlyCount "119"]
[EventDate "2019.01.01"]
[EventType "swiss"]
[EventRounds "9"]
[EventCountry "USA"]
[SourceTitle "CBM 188 Extra"]
[Source "ChessBase"]
[SourceDate "2019.02.26"]
[SourceVersion "1"]
[SourceVersionDate "2019.02.26"]
[SourceQuality "1"]

1. e4 e5 2. Nf3 Nc6 3. Bc4 Bc5 4. 0-0 Nf6 5. d3 d6 6. c3 0-0 7. Re1 a6 8. Bb3 Ba7 9. Nbd2 Ng4 10. Re2 Ne7 11. Nf1 Ng6 12. h3 Nf6 13. d4 Be6 14. Ng3 c5 15. dxe5 dxe5 16. Bg5 c4 17. Rd2 Qc7 18. Bc2 Nd7 19. Nf5 Nc5 20. Be3 Rfd8 21. b4 cxb3 22. axb3 Rxd2 23. Nxd2 Nd7 24. Bxa7 Rxa7 25. c4 Ra8 26. Nf1 Bxf5 27. exf5 Ne7 28. Ne3 Nf6 29. Ng4 Nxg4 30. Qxg4 f6 31. Be4 Rd8 32. Qf3 Rd7 33. g4 a5 34. h4 Nc6 35. Bd5+ Kf8 36. g5 Nd4 37. Qh5 Rxd5 38. cxd5 Qc3 39. Rd1 Qxb3 40. Rc1 Ke7 41. gxf6+ gxf6 42. Qxh7+ Kd6 43. Qc7+ Kxd5 44. Qf7+ Ke4 45. Qxb3 Nxb3 46. Rc7 Kxf5 47. Rxb7 Nd4 48. Kg2 Kg4 49. Rh7 a4 50. f3+ Nxf3 51. Rg7+ Kf4 52. h5 a3 53. h6 a2 54. Ra7 Ng5 55. Rxa2 Kf5 56. Kg3 Kg6 57. Rh2 f5 58. Rh1 Kh7 59. Rh5 Ne4+ 60. Kh4 1/2-1/2

[Event "Bay Area op"]
[Site "Burlingame"]
[Date "2019.01.03"]
[Round "4"]
[White "Boros, Denes"]
[Black "Ke, Ivan"]
[Result "1-0"]
[WhiteElo "2442"]
[BlackElo "2251"]
[PlyCount "65"]
[EventDate "2019.01.01"]
[EventType "swiss"]
[EventRounds "9"]
[EventCountry "USA"]
[SourceTitle "CBM 188 Extra"]
[Source "ChessBase"]
[SourceDate "2019.02.26"]
[SourceVersion "1"]
[SourceVersionDate "2019.02.26"]
[SourceQuality "1"]

1. c4 c5 2. Nf3 Nc6 3. Nc3 e5 4. e3 Nf6 5. d4 cxd4 6. exd4 e4 7. Nd2 Bb4 8. a3 Bxc3 9. bxc3 Qa5 10. Nb3 Qxc3+ 11. Bd2 Qb2 12. Bg5 Qc3+ 13. Bd2 Qb2 14. Rb1 Qxa3 15. d5 Ne7 16. Nd4 e3 17. fxe3 a6 18. Bb4 Qxe3+ 19. Qe2 Qxe2+ 20. Bxe2 b5 21. 0-0 bxc4 22. Bxc4 d6 23. Bxd6 Nexd5 24. Bb3 Be6 25. Ba4+ Kd8 26. Rb7 Rg8 27. Rfb1 Bd7 28. Nc6+ Bxc6 29. Bxc6 Rc8 30. Ba4 h5 31. Rd1 Rc4 32. Bb3 Rc6 33. Be5 1-0

[Event "Bay Area op"]
[Site "Burlingame"]
[Date "2019.01.03"]
[Round "3"]
[White "Ke, Ivan"]
[Black "Cordova, Emilio"]
[Result "0-1"]
[WhiteElo "2251"]
[BlackElo "2597"]
[PlyCount "76"]
[EventDate "2019.01.01"]
[EventType "swiss"]
[EventRounds "9"]
[EventCountry "USA"]
[SourceTitle "CBM 188 Extra"]
[Source "ChessBase"]
[SourceDate "2019.02.26"]
[SourceVersion "1"]
[SourceVersionDate "2019.02.26"]
[SourceQuality "1"]

1. e4 c5 2. Nf3 Nc6 3. Bb5 e6 4. 0-0 Nge7 5. d4 cxd4 6. Nxd4 Qb6 7. Bxc6 bxc6 8. c4 c5 9. Nc2 Ng6 10. Nc3 Be7 11. f4 0-0 12. b3 Bb7 13. Bb2 f5 14. Qd3 fxe4 15. Nxe4 Qc6 16. Qc3 Rf7 17. Rae1 Nh4 18. b4 cxb4 19. Nxb4 Bc5+ 20. Kh1 Qxe4 21. Rxe4 Bxe4 22. Rf3 Nxf3 23. gxf3 Bxb4 24. Qxb4 Bxf3+ 25. Kg1 Rxf4 26. Be5 Rf5 27. Bd6 Bc6 28. Qb1 a5 29. a3 a4 30. Bb8 Rf3 31. Bd6 Re8 32. Qc1 e5 33. Qg5 Rf6 34. Qh5 Ree6 35. Bb4 Rf4 36. h4 Rg6+ 37. Kh2 Rf2+ 38. Kh3 Bg2+ 0-1

[Event "Berkeley Summer IM"]
[Site "Berkeley"]
[Date "2018.08.15"]
[Round "9"]
[White "Ke, Ivan"]
[Black "Stearman, Josiah P"]
[Result "1/2-1/2"]
[WhiteElo "2238"]
[BlackElo "2346"]
[PlyCount "68"]
[EventDate "2018.08.11"]
[EventType "tourn"]
[EventRounds "9"]
[EventCountry "USA"]
[EventCategory "2"]
[SourceTitle "CBM 186 Extra"]
[Source "ChessBase"]
[SourceDate "2018.08.24"]
[SourceVersion "1"]
[SourceVersionDate "2018.08.24"]
[SourceQuality "1"]

1. d4 d5 2. Nf3 Nf6 3. e3 c6 4. Bd3 Bg4 5. Nbd2 Nbd7 6. b3 e5 7. dxe5 Nxe5 8. Be2 Nxf3+ 9. gxf3 Bh3 10. Bb2 Qc7 11. f4 Bb4 12. c3 Be7 13. Qc2 0-0-0 14. 0-0-0 g6 15. Bd3 Rhe8 16. Rhg1 Kb8 17. Kb1 Ka8 18. Ka1 Bf8 19. c4 Bg7 20. cxd5 Nxd5 21. Bxg7 Nb4 22. Qc3 Nxd3 23. Ne4 f5 24. Rxd3 fxe4 25. Rd4 Rxd4 26. Bxd4 Rd8 27. Rc1 Rd5 28. Qb4 Qd6 29. Qa4 a6 30. Be5 Rxe5 31. fxe5 Qxe5+ 32. Qd4 Qxh2 33. Rd1 Qxf2 34. Qd8+ Ka7 1/2-1/2

[Event "Berkeley Summer IM"]
[Site "Berkeley"]
[Date "2018.08.13"]
[Round "4"]
[White "Ke, Ivan"]
[Black "Wang, Annie"]
[Result "1-0"]
[WhiteElo "2238"]
[BlackElo "2288"]
[PlyCount "107"]
[EventDate "2018.08.11"]
[EventType "tourn"]
[EventRounds "9"]
[EventCountry "USA"]
[EventCategory "2"]
[SourceTitle "CBM 186 Extra"]
[Source "ChessBase"]
[SourceDate "2018.08.24"]
[SourceVersion "1"]
[SourceVersionDate "2018.08.24"]
[SourceQuality "1"]

1. d4 e6 2. Nf3 Nf6 3. e3 b6 4. Bd3 Bb7 5. Nbd2 d5 6. 0-0 Bd6 7. b3 0-0 8. Bb2 c5 9. Ne5 Nc6 10. a3 Ne7 11. f4 Ne4 12. Qe1 f6 13. Nef3 Qc7 14. Qe2 Kh8 15. c4 Rae8 16. Rac1 Qb8 17. Bb1 Qa8 18. Nxe4 dxe4 19. Ne1 Nf5 20. g4 Ne7 21. Ng2 Qb8 22. Kh1 f5 23. dxc5 bxc5 24. Rcd1 e5 25. Qd2 Bc7 26. Qc3 Ng6 27. h4 Re6 28. h5 Ne7 29. g5 Qe8 30. Kg1 Qxh5 31. Rd7 Rc8 32. Bc2 Bc6 33. Rd2 Qf7 34. Re2 Ng6 35. Qe1 Rce8 36. Qg3 Rd8 37. Qh3 exf4 38. exf4 Red6 39. Qh5 Be8 40. Qh3 Rd2 41. Qe3 Ba5 42. Rff2 Rxe2 43. Rxe2 Bc6 44. Qf2 Qc7 45. Qe3 Qd6 46. Bc1 Qd4 47. Qf2 Qa1 48. Qf1 Bc3 49. Be3 Qxa3 50. Qf2 Bb4 51. Nh4 Nxh4 52. Qxh4 Be8 53. g6 Qa1+ 54. Kg2 1-0

[Event "PRO League Stage"]
[Site "Chess.com INT"]
[Date "2018.01.31"]
[Round "3"]
[White "Foisor, Sabina Francesca"]
[Black "Ke, Ivan"]
[Result "0-1"]
[WhiteElo "2326"]
[BlackElo "2207"]
[PlyCount "102"]
[EventDate "2018.01.18"]
[EventType "team-swiss (rapid)"]
[EventRounds "9"]
[EventCountry "USA"]
[SourceTitle "CBM 182 Extra"]
[Source "ChessBase"]
[SourceDate "2018.02.23"]
[SourceVersion "1"]
[SourceVersionDate "2018.02.23"]
[SourceQuality "1"]
[WhiteTeam "Dallas Destiny"]
[BlackTeam "San Jose Hackers"]
[WhiteTeamCountry "USA"]
[BlackTeamCountry "USA"]

1. d4 d5 2. c4 e6 3. Nc3 Be7 4. Nf3 Nf6 5. Bf4 c6 6. e3 0-0 7. Qc2 Nbd7 8. h3 Re8 9. Bd3 b6 10. 0-0 Bb7 11. Rfd1 a6 12. a3 Nf8 13. b4 b5 14. c5 a5 15. Qb2 a4 16. Nxb5 cxb5 17. Bxb5 Ba6 18. Bxa4 Bc4 19. Bxe8 Qxe8 20. Ne5 Bb5 21. Rdc1 Ng6 22. c6 Nxe5 23. dxe5 Nh5 24. Bh2 g6 25. c7 Qc8 26. a4 Bc4 27. g4 Ng7 28. b5 Qxc7 29. b6 Qb7 30. a5 Ra6 31. Qd4 Bb4 32. Rab1 Bxa5 33. Rxc4 dxc4 34. Qd8+ Ne8 35. Qxe8+ Kg7 36. Bf4 Ra8 37. Qa4 c3 38. Bg5 h6 39. Bf6+ Kh7 40. h4 Bxb6 41. Rxb6 Qf3 42. Ra6 c2 43. Qc6 c1Q+ 44. Qxc1 Rxa6 45. h5 Qxg4+ 46. Kf1 Qh3+ 47. Ke2 Qxh5+ 48. Kd2 Qf3 49. Qf1 Ra2+ 50. Kc3 Qxf2 51. Qxf2 Rxf2 0-1

[Event "PRO League Stage"]
[Site "Chess.com INT"]
[Date "2018.01.18"]
[Round "1"]
[White "Ke, Ivan"]
[Black "Dragun, Kamil"]
[Result "1-0"]
[WhiteElo "2207"]
[BlackElo "2610"]
[PlyCount "135"]
[EventDate "2018.01.18"]
[EventType "team-swiss (rapid)"]
[EventRounds "9"]
[EventCountry "USA"]
[SourceTitle "CBM 182 Extra"]
[Source "ChessBase"]
[SourceDate "2018.02.23"]
[SourceVersion "1"]
[SourceVersionDate "2018.02.23"]
[SourceQuality "1"]
[WhiteTeam "San Jose Hackers"]
[BlackTeam "Rio Grande Ospreys"]
[WhiteTeamCountry "USA"]
[BlackTeamCountry "USA"]

1. d4 Nf6 2. Nf3 e6 3. e3 b6 4. Bd3 Bb7 5. Nbd2 d5 6. Ne5 g6 7. 0-0 Bg7 8. f4 0-0 9. g4 c5 10. b3 Nc6 11. Bb2 Nb4 12. Be2 cxd4 13. Bxd4 Rc8 14. c3 Nc6 15. Nxc6 Bxc6 16. Rc1 Nd7 17. Bxg7 Kxg7 18. Nf3 Qe7 19. Qd4+ Kg8 20. g5 Rce8 21. Ne5 Nxe5 22. Qxe5 f6 23. gxf6 Qxf6 24. Qd6 Bb7 25. Bb5 Rd8 26. Qc7 Rf7 27. Qe5 Qxe5 28. fxe5 Rf5 29. Rxf5 exf5 30. c4 a6 31. Ba4 dxc4 32. bxc4 Rd2 33. c5 b5 34. Bb3+ Kf8 35. c6 Bc8 36. e4 f4 37. c7 Ke7 38. Rc6 a5 39. Rf6 a4 40. Bd5 b4 41. Rf7+ Ke8 42. Rxf4 b3 43. axb3 a3 44. Rf1 Rb2 45. b4 Rxb4 46. Ra1 Kd7 47. Rxa3 Kxc7 48. Rc3+ Kd8 49. e6 Ba6 50. Kg2 g5 51. Kg3 h5 52. h4 gxh4+ 53. Kxh4 Rb1 54. Kxh5 Rg1 55. Ra3 Be2+ 56. Kh6 Ke7 57. Ra7+ Kf6 58. Rf7+ Ke5 59. e7 Bb5 60. Rf8 Rh1+ 61. Kg7 Rg1+ 62. Kf7 Rf1+ 63. Kg6 Rg1+ 64. Kh6 Rh1+ 65. Kg5 Rg1+ 66. Kh4 Rh1+ 67. Kg3 Rg1+ 68. Kh2 1-0

[Event "PRO League Stage"]
[Site "Chess.com INT"]
[Date "2018.01.18"]
[Round "1"]
[White "Vazquez, Guillermo"]
[Black "Ke, Ivan"]
[Result "1/2-1/2"]
[WhiteElo "2436"]
[BlackElo "2207"]
[PlyCount "95"]
[EventDate "2018.01.18"]
[EventType "team-swiss (rapid)"]
[EventRounds "9"]
[EventCountry "USA"]
[SourceTitle "CBM 182 Extra"]
[Source "ChessBase"]
[SourceDate "2018.02.23"]
[SourceVersion "1"]
[SourceVersionDate "2018.02.23"]
[SourceQuality "1"]
[WhiteTeam "Rio Grande Ospreys"]
[BlackTeam "San Jose Hackers"]
[WhiteTeamCountry "USA"]
[BlackTeamCountry "USA"]

1. d4 d5 2. c4 e6 3. Nc3 Be7 4. cxd5 exd5 5. Bf4 c6 6. Qc2 Nf6 7. h3 Nbd7 8. e3 0-0 9. Nf3 Re8 10. Bd3 Nf8 11. 0-0 Ne6 12. Bh2 g6 13. Ne5 Nd7 14. f4 Nxe5 15. fxe5 c5 16. Qf2 Rf8 17. Rad1 Ng7 18. dxc5 Bxc5 19. Bc4 Nf5 20. Nxd5 Qxd5 21. Bxd5 Bxe3 22. g4 Bxf2+ 23. Kxf2 Ne7 24. Be4 Be6 25. b3 Rac8 26. Bf4 b6 27. Bg5 Rfe8 28. Bf6 Rc5 29. Rd6 Nd5 30. Kg3 Nxf6 31. exf6 Re5 32. Bc6 Rf8 33. Rfd1 h5 34. Kf4 Rc5 35. Rd8 Rxd8 36. Rxd8+ Kh7 37. Be4 Ra5 38. Bb1 Rb5 39. Ra8 a5 40. Be4 hxg4 41. hxg4 Rb4 42. Ra7 Kg8 43. Ra8+ Kh7 44. Ra7 Kg8 45. Ra8+ Kh7 46. Ra7 Kg8 47. Ra8+ Kh7 48. Ra7 1/2-1/2

[Event "PRO League KO Stage"]
[Site "Chess.com INT"]
[Date "2017.03.01"]
[Round "1"]
[White "Ke, Ivan"]
[Black "Toolin, Christopher"]
[Result "1-0"]
[WhiteElo "2219"]
[BlackElo "2189"]
[PlyCount "149"]
[EventDate "2017.03.01"]
[EventType "team-k.o. (rapid)"]
[EventRounds "5"]
[EventCountry "USA"]
[SourceTitle "CBM 177 Extra"]
[Source "ChessBase"]
[SourceDate "2017.04.27"]
[SourceVersion "1"]
[SourceVersionDate "2017.04.27"]
[SourceQuality "1"]
[WhiteTeam "San Jose Hackers"]
[BlackTeam "Dallas Destiny"]
[WhiteTeamCountry "USA"]
[BlackTeamCountry "USA"]

1. d4 Nf6 2. c4 e6 3. Nc3 Bb4 4. f3 c5 5. d5 b5 6. e4 bxc4 7. Bxc4 Nxd5 8. Bxd5 exd5 9. Qxd5 0-0 10. Nge2 Qb6 11. Be3 Bb7 12. Qd2 Nc6 13. a3 Bxc3 14. Qxc3 d6 15. 0-0 Ba6 16. Rf2 Rab8 17. b4 Bxe2 18. Rxe2 Qb5 19. Rc2 Rbc8 20. bxc5 Na5 21. Qb4 Qa6 22. Rb1 Nc6 23. Qd2 dxc5 24. Bxc5 Rfd8 25. Qe2 Qa4 26. Rbc1 Ne5 27. Bb4 Rb8 28. Rd2 h6 29. Qd1 Qe8 30. Rc7 Rxd2 31. Qxd2 Qe6 32. Qd5 Qb6+ 33. Qc5 Qxc5+ 34. Bxc5 Nd3 35. h3 Rb1+ 36. Kh2 a6 37. Rc8+ Kh7 38. Bd4 Nf4 39. Be5 Ne6 40. Rc6 a5 41. Ra6 Rb5 42. Bc3 h5 43. Rxa5 Rb3 44. Bb4 Rb2 45. Rxh5+ Kg6 46. Rd5 Nf4 47. Rf5 Nxg2 48. Kg3 Ne3 49. Rc5 Nf1+ 50. Kf4 Kh6 51. h4 Rh2 52. h5 Rh4+ 53. Kf5 Ne3+ 54. Ke5 Rxh5+ 55. Kd6 Rh2 56. a4 Rb2 57. Bc3 Ra2 58. a5 Ra3 59. Bd2 Kh7 60. Rc3 Rxc3 61. Bxc3 Nc4+ 62. Kc5 Na3 63. a6 g5 64. a7 Nb1 65. Be5 Nd2 66. a8Q Nxf3 67. Qd5 Kg6 68. Qd6+ Kh5 69. Qf6 g4 70. Qxf7+ Kh4 71. Qf4 Ng5 72. Bf6 Kh3 73. Qxg5 g3 74. Be5 g2 75. Qg3# 1-0

[Event "PRO League Stage"]
[Site "Chess.com INT"]
[Date "2017.02.11"]
[Round "5"]
[White "Ke, Ivan"]
[Black "Szabo, Bence"]
[Result "1/2-1/2"]
[WhiteElo "2058"]
[BlackElo "2378"]
[PlyCount "48"]
[EventDate "2017.01.11"]
[EventType "team-swiss (rapid)"]
[EventRounds "7"]
[EventCountry "USA"]
[SourceTitle "CBM 176 Extra"]
[Source "ChessBase"]
[SourceDate "2017.03.02"]
[SourceVersion "1"]
[SourceVersionDate "2017.03.02"]
[SourceQuality "1"]
[WhiteTeam "San Jose Hackers"]
[BlackTeam "Budapest Gambit"]
[WhiteTeamCountry "USA"]
[BlackTeamCountry "HUN"]

1. d4 Nf6 2. c4 e6 3. Nc3 Bb4 4. f3 c5 5. d5 b5 6. e4 0-0 7. Bd2 bxc4 8. Bxc4 Bb7 9. Nge2 exd5 10. Nxd5 Bxd5 11. Bxd5 Nxd5 12. exd5 Qa5 13. Bxb4 Qxb4+ 14. Qd2 Qh4+ 15. g3 Qf6 16. Kf2 d6 17. Nc3 Nd7 18. Ne4 Qg6 19. Rhe1 Rab8 20. b3 Rb4 21. Rad1 Rd4 22. Qg5 Qxg5 23. Nxg5 Rxd1 24. Rxd1 Nf6 1/2-1/2

[Event "North American op 26th"]
[Site "Las Vegas"]
[Date "2016.12.26"]
[Round "2"]
[White "Panchanathan, Magesh Chandran"]
[Black "Ke, Ivan"]
[Result "1-0"]
[WhiteElo "2513"]
[BlackElo "2088"]
[PlyCount "105"]
[EventDate "2016.12.26"]
[EventType "swiss"]
[EventRounds "9"]
[EventCountry "USA"]
[SourceTitle "CBM 176 Extra"]
[Source "ChessBase"]
[SourceDate "2017.03.02"]
[SourceVersion "1"]
[SourceVersionDate "2017.03.02"]
[SourceQuality "1"]

1. Nf3 d5 2. g3 Nf6 3. Bg2 g6 4. 0-0 Bg7 5. d4 0-0 6. c4 c6 7. cxd5 cxd5 8. Nc3 Nc6 9. Ne5 Bf5 10. Nxc6 bxc6 11. Bf4 Ne4 12. Na4 f6 13. Rc1 e5 14. Be3 Qe8 15. b3 Rf7 16. f3 Nd6 17. Bf2 Bh6 18. e3 exd4 19. Qxd4 Nb5 20. Qd2 Rd8 21. Nc5 Bf8 22. Rfd1 Nc7 23. e4 Bc8 24. Qa5 Ne6 25. Nxe6 Bxe6 26. exd5 Bxd5 27. f4 Rfd7 28. Bxd5+ cxd5 29. Bd4 Qf7 30. Qa6 f5 31. Rc8 Rd6 32. Rc6 Rxc6 33. Qxc6 Bg7 34. Qc5 Bxd4+ 35. Qxd4 Qe7 36. Kf2 Qa3 37. Rd2 Qc1 38. Re2 Qh1 39. Re7 Qxh2+ 40. Kf3 Qh6 41. Qf6 Qf8 42. Qe6+ Kh8 43. Qe5+ Kg8 44. Rxa7 d4 45. Qe6+ Kh8 46. Rf7 Qd6 47. Qxd6 Rxd6 48. Ke2 Ra6 49. a4 Rb6 50. a5 Re6+ 51. Kd3 Ra6 52. b4 Kg8 53. Rb7 1-0